Top 5 państw według losowej kategorii - Statystyki

Ogólne statystyki
  • Ten quiz został rozwiązany 53 647 razy
  • Średni wynik to 18 z 30
Statystyki odpowiedzi
Kategoria Państwa % Poprawnych
Najwięcej wyprodukowanych filmów Stany Zjednoczone
99%
Najwięcej restauracji Mc Donald's Stany Zjednoczone
99%
Największa powierzchnia Rosja
98%
Największa powierzchnia Stany Zjednoczone
98%
Najwięcej miliarderów Stany Zjednoczone
98%
Najwięcej milionerów Stany Zjednoczone
98%
Najwięcej lotnisk Stany Zjednoczone
98%
Najwyższa populacja Chiny
97%
Największa powierzchnia Chiny
97%
Najwyższa populacja Stany Zjednoczone
97%
Największa gospodarka Stany Zjednoczone
97%
Najwięcej żołnierzy Stany Zjednoczone
97%
Najwięcej turystów Stany Zjednoczone
97%
Najwięcej elitarnych uniwersytetów Stany Zjednoczone
97%
Najbardziej wysunięte na północ Stany Zjednoczone
97%
Największy producent samochodów Stany Zjednoczone
97%
Największa produkcja ropy naftowej Stany Zjednoczone
97%
Największa rozciągłość równoleżnikowa Stany Zjednoczone
97%
Najwięcej eksportów Stany Zjednoczone
97%
Największe zużycie ropy naftowej Stany Zjednoczone
97%
Najwięcej złapanych ryb Stany Zjednoczone
97%
Najwięcej samochodów na osobę Stany Zjednoczone
97%
Najbardziej wysunięte na północ Rosja
96%
Najdłuższe wybrzeże Stany Zjednoczone
96%
Z największą produkcją wina Stany Zjednoczone
96%
Najwięcej wysp (wliczając terytoria zamorskie) Stany Zjednoczone
96%
Najwięcej wód powierzchniowych Stany Zjednoczone
96%
Najwięcej Nagród Nobla Stany Zjednoczone
96%
Najwięcej języków Stany Zjednoczone
96%
Najwięcej więźniów Stany Zjednoczone
96%
Najwyższa odnotowana temperatura Stany Zjednoczone
96%
Najniższa odnotowana temperatura Stany Zjednoczone
96%
Najwięcej książek publikowanych rocznie Stany Zjednoczone
96%
Najwięcej stref czasowych (z terytoriami zamorskimi) Stany Zjednoczone
96%
Najwięcej zdobyć Mount Everest Stany Zjednoczone
96%
Najwięcej eksportów Chiny
95%
Najwięcej Hindusów Indie
95%
Najwięcej żołnierzy Rosja
95%
Najdłuższe wybrzeże Rosja
95%
Największa rozciągłość równoleżnikowa Rosja
95%
Najniższa średnia temperatura Rosja
95%
Najniższa odnotowana temperatura Rosja
95%
Najwięcej stref czasowych (z terytoriami zamorskimi) Rosja
95%
Najwięcej aktywnych wulkanów Stany Zjednoczone
95%
Najwięcej lasów Stany Zjednoczone
95%
Największy eksporter pomarańczy Stany Zjednoczone
95%
Największa gospodarka Chiny
94%
Najwięcej żołnierzy Chiny
94%
Najwięcej wyprodukowanych filmów Chiny
94%
Najwięcej miliarderów Chiny
94%
Największy producent samochodów Chiny
94%
Największa rozciągłość równoleżnikowa Chiny
94%
Największa powierzchnia Kanada
94%
Najbardziej wysunięte na północ Kanada
94%
Najwięcej lasów Rosja
94%
Najwięcej turystów Chiny
93%
Największa wysokość Chiny
93%
Najdłuższa linia szybkich kolei Chiny
93%
Najwięcej zdobyć Mount Everest Chiny
93%
Najwyższa populacja Indie
93%
Największy producent samochodów Niemcy
93%
Największa rozciągłość południkowa Rosja
93%
Najwięcej wód powierzchniowych Rosja
93%
Najczęściej zgadywane w JetPunk Rosja
93%
Najmniejsza powierzchnia Watykan
93%
Największe miasto Chiny
92%
Najwięcej elitarnych uniwersytetów Chiny
92%
Najwięcej restauracji Mc Donald's Chiny
92%
Największe zużycie ropy naftowej Chiny
92%
Najwięcej więźniów Chiny
92%
Najwięcej książek publikowanych rocznie Chiny
92%
Największa produkcja ropy naftowej Rosja
92%
Najwięcej lotnisk Rosja
92%
Najwięcej gatunków roślin i zwierząt Chiny
91%
Z największą produkcją wina Chiny
91%
Najwięcej złapanych ryb Chiny
91%
Największa rozciągłość południkowa Chiny
91%
Najwięcej wód powierzchniowych Chiny
91%
Największy producent przypraw Chiny
91%
Najwięcej obiektów UNESCO Chiny
91%
Najczęściej zgadywane w JetPunk Polska
91%
Najwięcej miliarderów Rosja
91%
Najwięcej złapanych ryb Rosja
91%
Najwięcej więźniów Rosja
91%
Najmniejsza wysokosć Chiny
90%
Najwięcej lasów Chiny
90%
Największa powierzchnia pokryta pustynią Chiny
90%
Najwięcej zgonów z powodu trzęsień ziemi Chiny
90%
Z największą produkcją wina Francja
90%
Najwięcej aktywnych wulkanów Rosja
90%
Najwięcej wysp (wliczając terytoria zamorskie) Rosja
90%
Największy producent diamentów Rosja
90%
Najwięcej książek publikowanych rocznie Rosja
90%
Najwięcej turystów Francja
89%
Największy producent samochodów Japonia
89%
Najdłuższe wybrzeże Kanada
89%
Największa rozciągłość równoleżnikowa Kanada
89%
Najniższa średnia temperatura Kanada
89%
Największa powierzchnia Brazylia
88%
Najwięcej wyprodukowanych filmów Indie
88%
Największy producent przypraw Indie
88%
Najdłuższa oczekiwana długość życia Japonia
88%
Największe miasto Japonia
88%
Najdłuższa linia szybkich kolei Japonia
88%
Najniższa odnotowana temperatura Kanada
88%
Najczęściej zgadywane w JetPunk Niemcy
88%
Najbardziej wysunięte na południe Australia
87%
Najwięcej wód powierzchniowych Kanada
87%
Najwięcej lotnisk Kanada
87%
Najwięcej Nagród Nobla Niemcy
87%
Z największą produkcją wina Włochy
87%
Najwięcej Nagród Nobla Francja
86%
Najwięcej restauracji Mc Donald's Kanada
86%
Największa gospodarka Niemcy
86%
Najwięcej gatunków roślin i zwierząt Brazylia
85%
Najwięcej muzułmanów Indie
85%
Najwięcej lasów Kanada
85%
Najbardziej wysunięte na północ Norwegia
85%
Najwięcej żołnierzy Indie
84%
Największa wysokość Indie
84%
Największa gospodarka Japonia
84%
Najstarsza ludność Japonia
84%
Najwięcej elitarnych uniwersytetów Niemcy
84%
Najwięcej eksportów Niemcy
84%
Najwięcej milionerów Niemcy
84%
Najbardziej wysunięte na południe Republika Południowej Afryki
84%
Najmniejsza populacja Watykan
84%
Najwięcej elitarnych uniwersytetów Wielka Brytania
84%
Najwięcej powierzchni na równiku Brazylia
83%
Największa rozciągłość równoleżnikowa Brazylia
83%
Najdłuższa linia szybkich kolei Francja
83%
Najwięcej stref czasowych (z terytoriami zamorskimi) Francja
83%
Największa gospodarka Indie
83%
Najwięcej wysp (wliczając terytoria zamorskie) Kanada
83%
Najdłuższa linia szybkich kolei Niemcy
83%
Najwięcej obiektów UNESCO Niemcy
83%
Największy producent oliwy Włochy
83%
Najbardziej wysunięte na południe Argentyna
82%
Najwięcej jadowitych gatunków Australia
82%
Najwięcej lasów Brazylia
82%
Najwięcej milionerów Francja
82%
Najwięcej obiektów UNESCO Francja
82%
Najczęściej zgadywane w JetPunk Francja
82%
Największe zużycie ropy naftowej Indie
82%
Najwięcej eksportów Japonia
82%
Najwięcej alkoholu spożytego na mieszkańca Niemcy
82%
Najwięcej restauracji Mc Donald's Niemcy
82%
Najwięcej jadowitych gatunków Brazylia
81%
Największa rozciągłość południkowa Brazylia
81%
Najbardziej wysunięte na południe Chile
81%
Najwięcej turystów Hiszpania
81%
Największe miasto Indie
81%
Najwięcej zdobyć Mount Everest Indie
81%
Najbardziej zanieczyszczone powietrze Indie
81%
Najwięcej wyprodukowanych filmów Japonia
81%
Najwięcej restauracji Mc Donald's Japonia
81%
Najmniejsza powierzchnia San Marino
81%
Największe rezerwy ropy naftowej Arabia Saudyjska
80%
Najwyższa populacja Brazylia
80%
Najwięcej lotnisk Brazylia
80%
Z największą produkcją wina Hiszpania
80%
Najwięcej więźniów Indie
80%
Najczęściej zgadywane w JetPunk Kanada
80%
Najwięcej książek publikowanych rocznie Niemcy
80%
Najwięcej turystów Włochy
80%
Najwięcej miliarderów Indie
79%
Najwięcej aktywnych wulkanów Japonia
79%
Największy producent diamentów Kanada
79%
Najwięcej miliarderów Niemcy
79%
Najniższa średnia temperatura Norwegia
79%
Najbardziej wysunięte na południe Nowa Zelandia
79%
Największa produkcja ropy naftowej Arabia Saudyjska
78%
Najbardziej wysunięte na północ Finlandia
78%
Największy producent oliwy Hiszpania
78%
Najwięcej ludzi zakażonych HIV Indie
78%
Najwięcej języków Indie
78%
Największe zużycie ropy naftowej Japonia
78%
Największe rezerwy ropy naftowej Kanada
78%
Największa produkcja ropy naftowej Kanada
78%
Najmniejsze zanieczyszczanie powietrza Kanada
78%
Najmniejsza powierzchnia Monako
78%
Najwięcej jadowitych gatunków Indie
77%
Najwięcej wód powierzchniowych Indie
77%
Najniższa skala zabójstw Japonia
77%
Najwięcej milionerów Japonia
77%
Najstarsza ludność Niemcy
77%
Najwięcej więźniów Brazylia
76%
Najwięcej Nagród Nobla Wielka Brytania
76%
Najdłuższe wybrzeże Australia
75%
Największa powierzchnia pokryta pustynią Kanada
75%
Najwięcej stref czasowych (z terytoriami zamorskimi) Wielka Brytania
74%
Najniższy wskaźnik płodności Polska
73%
Najwięcej milionerów Wielka Brytania
73%
Najwięcej obiektów UNESCO Włochy
73%
Najniższy wskaźnik otyłości Indie
72%
Najwięcej namorzyn Brazylia
71%
Największy producent oliwy Grecja
71%
Największa wysokość Nepal
71%
Najwięcej książek publikowanych rocznie Wielka Brytania
71%
Najwięcej obiektów UNESCO Hiszpania
70%
Najmniejsza populacja San Marino
70%
Najwięcej owiec na osobę Australia
68%
Największy eksporter pomarańczy Hiszpania
68%
Najmniejsza gęstość zaludnienia Australia
67%
Najdłuższa linia szybkich kolei Hiszpania
67%
Najbezpieczniejsze drogi Norwegia
67%
Największy producent diamentów Republika Południowej Afryki
67%
Najwięcej stref czasowych (z terytoriami zamorskimi) Australia
66%
Najwięcej lotnisk Meksyk
66%
Największa średnia wysokość Nepal
66%
Najwięcej zdobyć Mount Everest Nepal
66%
Największa powierzchnia pokryta pustynią Australia
65%
Największa rozciągłość południkowa Chile
65%
Najwięcej powierzchni na równiku Demokratyczna Republika Konga
65%
Najmniejsze opady deszczu Egipt
65%
Najwięcej gatunków roślin i zwierząt Meksyk
65%
Najbezpieczniejsze drogi Szwecja
65%
Największa rozciągłość południkowa Argentyna
64%
Najwięcej Nagród Nobla Szwecja
64%
Najstarsza ludność Włochy
64%
Największy producent samochodów Korea Południowa
63%
Najwyższa populacja Indonezja
62%
Najwyższe PKB na km² Monako
62%
Najwięcej Hindusów Pakistan
62%
Najwięcej zdobyć Mount Everest Wielka Brytania
62%
Największe zużycie ropy naftowej Arabia Saudyjska
61%
Najwięcej namorzyn Australia
61%
Najwięcej zgonów z powodu malarii Demokratyczna Republika Konga
61%
Najwięcej ludzi zakażonych HIV Republika Południowej Afryki
61%
Najwięcej wysp (wliczając terytoria zamorskie) Indonezja
60%
Najwięcej muzułmanów Pakistan
60%
Najmniejsze zanieczyszczanie powietrza Szwecja
60%
Najwięcej wieżowców na osobę Zjednoczone Emiraty Arabskie
60%
Najmniejsze opady deszczu Arabia Saudyjska
59%
Najwięcej powierzchni na równiku Indonezja
59%
Najwięcej jadowitych gatunków Meksyk
59%
Największa gęstość zaludnienia Monako
59%
Najmniejsza gęstość zaludnienia Mongolia
59%
Najwyższy wskaźnik płodności Niger
59%
Najwięcej aktywnych wulkanów Indonezja
58%
Najdłuższe wybrzeże Indonezja
58%
Najwięcej alkoholu spożytego na mieszkańca Czechy
57%
Największe rezerwy ropy naftowej Iran
57%
Najwyższe PKB Monako
57%
Najwyższy wskaźnik rozwoju gospodarczego Norwegia
57%
Największa gęstość zaludnienia Watykan
57%
Najwyższy wskaźnik rozwoju gospodarczego Australia
56%
Najbezpieczniejsze drogi Dania
56%
Najmniejsze zanieczyszczanie powietrza Finlandia
56%
Najwięcej zgonów z powodu trzęsień ziemi Indonezja
56%
Największe rezerwy ropy naftowej Irak
56%
Najwięcej zgonów z powodu malarii Nigeria
56%
Najwięcej owiec na osobę Nowa Zelandia
56%
Największa powierzchnia pokryta pustynią Algieria
55%
Najwięcej Hindusów Bangladesz
55%
Najwięcej gatunków roślin i zwierząt Indonezja
55%
Najwięcej muzułmanów Indonezja
54%
Najwięcej żołnierzy Korea Północna
54%
Najwięcej złapanych ryb Indonezja
53%
Najwięcej ludzi zakażonych HIV Nigeria
53%
Najwyższe PKB Luksemburg
52%
Najniższa średnia temperatura Mongolia
52%
Najwięcej Hindusów Nepal
52%
Najdroższe (wartość sprzedaży) Szwajcaria
52%
Największa powierzchnia pokryta pustynią Arabia Saudyjska
51%
Najwięcej Hindusów Indonezja
51%
Największy producent przypraw Indonezja
51%
Najwięcej namorzyn Indonezja
51%
Największa wysokość Pakistan
51%
Największa wysokość Bhutan
50%
Największa średnia wysokość Bhutan
50%
Największe miasto Indonezja
49%
Najwięcej jadowitych gatunków Indonezja
49%
Najwięcej języków Indonezja
49%
Najwięcej wieżowców na osobę Katar
49%
Najwyższe PKB Liechtenstein
49%
Najniższa odnotowana temperatura Mongolia
49%
Najmłodsza ludność Niger
49%
Najniższy wskaźnik rozwoju gospodarczego Niger
49%
Największy eksporter pomarańczy Egipt
48%
Najwyższy wskaźnik rozwoju gospodarczego Szwajcaria
48%
Najniższa skala zabójstw Watykan
48%
Najmniejsze opady deszczu Zjednoczone Emiraty Arabskie
47%
Największa produkcja ropy naftowej Irak
46%
Najmniejsza gęstość zaludnienia Islandia
46%
Najmniejsze opady deszczu Katar
46%
Największe miasto Korea Południowa
46%
Najwięcej samochodów na osobę Monako
46%
Największy eksporter pomarańczy Republika Południowej Afryki
46%
Najwięcej wieżowców na osobę Singapur
46%
Najniższy wskaźnik płodności Korea Południowa
45%
Najwięcej aktywnych wulkanów Chile
44%
Najwyższe PKB na km² San Marino
44%
Najwięcej wieżowców na osobę Monako
43%
Najwyższa odnotowana temperatura Iran
42%
Najwięcej owiec na osobę Mongolia
42%
Najwyższe PKB na km² Singapur
42%
Najwięcej jedzonego mięsa na osobę Islandia
41%
Najdłuższa oczekiwana długość życia Monako
41%
Najwięcej muzułmanów Nigeria
41%
Najniższa skala zabójstw San Marino
41%
Najwyższe PKB Singapur
41%
Najwyższa odnotowana temperatura Irak
40%
Najdroższe (wartość sprzedaży) Islandia
40%
Najwyższe PKB Katar
40%
Najwyższy wskaźnik rozwoju gospodarczego Monako
40%
Najwięcej wyprodukowanych filmów Nigeria
40%
Najmniejsze zanieczyszczanie powietrza Nowa Zelandia
40%
Najbardziej zanieczyszczone powietrze Arabia Saudyjska
39%
Najdroższe (wartość sprzedaży) Dania
39%
Najdłuższa oczekiwana długość życia Islandia
39%
Najwięcej powierzchni na równiku Kenia
39%
Najwięcej gatunków roślin i zwierząt Kolumbia
39%
Najmniejsza populacja Nauru
39%
Największa gęstość zaludnienia Singapur
39%
Najbardziej zanieczyszczone powietrze Niger
38%
Najwięcej jedzonego mięsa na osobę Finlandia
37%
Najwięcej samochodów na osobę Islandia
37%
Najwięcej powierzchni na równiku Kolumbia
37%
Najmniejsze opady deszczu Libia
37%
Najmniejsza powierzchnia Nauru
37%
Największy producent przypraw Turcja
37%
Największe rezerwy ropy naftowej Wenezuela
37%
Najwyższy wskaźnik morderstw Wenezuela
37%
Najniższa skala zabójstw Andora
36%
Najwięcej wysp (wliczając terytoria zamorskie) Chile
36%
Najstarsza ludność Grecja
36%
Najwięcej języków Nigeria
36%
Najwięcej muzułmanów Bangladesz
35%
Najwięcej ludzi zakażonych HIV Kenia
35%
Najdroższe (wartość sprzedaży) Liechtenstein
35%
Największy producent oliwy Maroko
35%
Najwyższa odnotowana temperatura Pakistan
35%
Najniższy wskaźnik rozwoju gospodarczego Somalia
35%
Najwięcej imigrantów na osobę Zjednoczone Emiraty Arabskie
35%
Największa emisja dwutlenku węgla na osobę Zjednoczone Emiraty Arabskie
35%
Najniższy wskaźnik rozwoju gospodarczego Czad
34%
Najstarsza ludność Monako
34%
Najwięcej samochodów na osobę San Marino
34%
Najwyższy wskaźnik płodności Czad
33%
Największa emisja dwutlenku węgla na osobę Katar
33%
Największe opady deszczu Kolumbia
33%
Najrzadziej zgadywane w JetPunk Nauru
33%
Najwięcej zgonów z powodu trzęsień ziemi Pakistan
33%
Najdłuższa oczekiwana długość życia Singapur
33%
Najniższa skala zabójstw Singapur
33%
Najmniejsza populacja Tuvalu
33%
Najwięcej imigrantów na osobę Watykan
33%
Największy producent przypraw Bangladesz
32%
Najwięcej imigrantów na osobę Katar
32%
Najwięcej samochodów na osobę Nowa Zelandia
32%
Najmniejsza populacja Palau
32%
Najrzadziej zgadywane w JetPunk Tuvalu
32%
Najbezpieczniejsze drogi Irlandia
31%
Najwięcej namorzyn Malezja
31%
Najdłuższa oczekiwana długość życia San Marino
31%
Najmniejsza powierzchnia Tuvalu
31%
Najniższy wskaźnik otyłości Bangladesz
30%
Najwięcej elitarnych uniwersytetów Holandia
30%
Najwięcej alkoholu spożytego na mieszkańca Litwa
30%
Najbardziej zanieczyszczone powietrze Nepal
30%
Najwięcej alkoholu spożytego na mieszkańca Nigeria
29%
Najwięcej eksportów Holandia
28%
Najwięcej zgonów z powodu malarii Tanzania
28%
Najbardziej zanieczyszczone powietrze Katar
27%
Najwięcej imigrantów na osobę Liechtenstein
27%
Najniższy wskaźnik rozwoju gospodarczego Sudan Południowy
27%
Najniższy wskaźnik otyłości Wietnam
27%
Największa emisja dwutlenku węgla na osobę Kuwejt
26%
Najwyższy wskaźnik rozwoju gospodarczego San Marino
26%
Najwięcej jedzonego mięsa na osobę Holandia
25%
Największy eksporter pomarańczy Holandia
25%
Najwyższy wskaźnik otyłości Nauru
25%
Najniższy wskaźnik płodności Singapur
25%
Najmniejsza wysokosć Izrael
24%
Najwyższa odnotowana temperatura Kuwejt
24%
Największy producent oliwy Tunezja
24%
Najwyższy wskaźnik płodności Mali
23%
Najwięcej złapanych ryb Peru
23%
Najrzadziej zgadywane w JetPunk Tonga
23%
Najwyższe PKB na km² Bahrajn
22%
Największa gęstość zaludnienia Malta
22%
Najwyższe PKB na km² Malta
22%
Największa emisja dwutlenku węgla na osobę Bahrajn
21%
Największy producent diamentów Botswana
21%
Najwięcej imigrantów na osobę Kuwejt
21%
Największe długi zewnętrzne (% PKB) Luksemburg
21%
Najmłodsza ludność Mali
21%
Najrzadziej zgadywane w JetPunk Saint Vincent i Grenadyny
21%
Najwyższy wskaźnik morderstw Salwador
21%
Najwyższy wskaźnik otyłości Tuvalu
21%
Największy producent diamentów Angola
20%
Najwyższy wskaźnik otyłości Palau
20%
Najwięcej języków Papua-Nowa Gwinea
20%
Najniższy wskaźnik płodności Tajwan
20%
Najwięcej zgonów z powodu trzęsień ziemi Haiti
19%
Najwięcej namorzyn Papua-Nowa Gwinea
19%
Najdroższe (wartość sprzedaży) Izrael
18%
Najwięcej jedzonego mięsa na osobę Izrael
18%
Największe opady deszczu Panama
18%
Najniższy wskaźnik rozwoju gospodarczego Republika Środkowoafrykańska
18%
Największa średnia wysokość Tadżykistan
18%
Najmłodsza ludność Uganda
18%
Największa gęstość zaludnienia Bahrajn
17%
Najwyższy wskaźnik morderstw Honduras
17%
Najniższy wskaźnik otyłości Kambodża
17%
Największa średnia wysokość Kirgistan
17%
Najmniejsza wysokosć Syria
17%
Najmniejsza wysokosć Jordania
16%
Najbezpieczniejsze drogi Malta
16%
Najwięcej alkoholu spożytego na mieszkańca Mołdawia
16%
Najwięcej ludzi zakażonych HIV Mozambik
16%
Najwyższy wskaźnik otyłości Tonga
16%
Najrzadziej zgadywane w JetPunk Grenada
15%
Najmniejsza gęstość zaludnienia Namibia
15%
Najwyższy wskaźnik otyłości Wyspy Marshalla
15%
Najwyższy wskaźnik płodności Angola
14%
Największe długi zewnętrzne (% PKB) Malta
14%
Najwięcej zgonów z powodu trzęsień ziemi Sri Lanka
14%
Najmłodsza ludność Zambia
14%
Najwyższy wskaźnik morderstw Jamajka
13%
Największe opady deszczu Papua-Nowa Gwinea
13%
Najwięcej owiec na osobę Urugwaj
13%
Najniższa średnia temperatura Kirgistan
12%
Najniższa odnotowana temperatura Kirgistan
11%
Najwięcej wieżowców na osobę Panama
11%
Największe długi zewnętrzne (% PKB) Cypr
10%
Największe długi zewnętrzne (% PKB) Palau
10%
Najmniejsze zanieczyszczanie powietrza Brunei
9%
Najwięcej zgonów z powodu malarii Burkina Faso
9%
Największa średnia wysokość Lesotho
9%
Najmłodsza ludność Malawi
9%
Najwięcej owiec na osobę Turkmenistan
9%
Najwyższy wskaźnik morderstw Lesotho
8%
Najwięcej zgonów z powodu malarii Sierra Leone
7%
Najniższy wskaźnik płodności Bośnia i Hercegowina
6%
Najwyższy wskaźnik płodności Burundi
6%
Najwięcej jedzonego mięsa na osobę Malediwy
6%
Najmniejsza gęstość zaludnienia Surinam
6%
Najniższy wskaźnik otyłości Timor Wschodni
6%
Największe opady deszczu Wyspy Salomona
6%
Najmniejsza wysokosć Dżibuti
5%
Największe opady deszczu Wyspy Świętego Tomasza i Książeca
4%
Największe długi zewnętrzne (% PKB) Mauritius
3%
Największa emisja dwutlenku węgla na osobę Trynidad i Tobago
2%
Nie znaleziono quizów pasujących do podanych kryteriów
Rozkład punktacji
Procent ludzi z każdym wynikiem
Percentyl według liczby udzielonych odpowiedzi
Twoja historia wyników
Nie rozwiązałeś tego quizu